000 00564nam a2200193 i 4500
001 65473
003 ES-MaACL
005 20240125063133.0
007 t|
008 040114s1914 xxk ||||1| eng d
100 1 _aFreud, Sigmund,
_d1856-1939
_952547
245 1 0 _aPsychopathology of everyday life /
_cby Sigmund Freud ; introduction by A.A. Brill.
250 _a1st ed.
260 _aLondon :
_bFisher Unwin,
_c[1914]
300 _aVII, 341 p. ;
_c23 cm.
700 1 _aBrill, A. A.
_931737
852 _aES-MaACL
_jF-7864
999 _c65473
_d65473